| 000 | 00435 a2200109 4500 | ||
|---|---|---|---|
| 001 | ART_63128 | ||
| 005 | 20260410161959.0 | ||
| 008 | 260409a | ||
| 245 | 1 | 0 | _aAcceso a la justicia a los consumidores en materia de salud: la convergencia de principios del derecho de la salud y el derecho del consumo |
| 100 | 1 | _aDíaz, Ana I. | |
| 773 | 0 |
_tTemas de derecho comercial _g- Año 11, N° 7/8 (jul./ago. 2025) _wREV28151 |
|
| 999 |
_c31149 _d31149 |
||